Nova York vista i viscuda per un català : exposició de fotografies de Carles Fontseré... : maig-desembre 1983 exposició de fotografies de Carles Fontseré... :
Descripción Física:
48 p. : il. ; 29 cm
Materias:
Fontserè, Carles -- Exposicions
MARC
| LEADER | 00000nam a2200000Ia 4500 | ||
|---|---|---|---|
| 001 | 1327 | ||
| 003 | BGR | ||
| 005 | 20260324175338.0 | ||
| 008 | 160829s9999 xx 000 0 cat d | ||
| 080 | |a FU-17-8 | ||
| 100 | |a Fontserè, Carles |9 28196 | ||
| 245 | |a Nova York vista i viscuda per un català : |b exposició de fotografies de Carles Fontseré... : |b maig-desembre 1983 | ||
| 260 | |a [Barcelona] : |b Generalitat de Catalunya. Departament de Cultura, dl 1983 | ||
| 300 | |a 48 p. : |b il. ; |c 29 cm | ||
| 590 | |a A peu de portada, Departament de Cultura de la Generalitat de Catalunya. Servei d'Arts Plàstiques. Amb la col·laboració de l'Institut d'Estudis Nord-Americans de Barcelona. | ||
| 650 | |a Fontserè, Carles |x Exposicions |9 28197 | ||
| 710 | 2 | |a Institut d'Estudis Nord-americans (Barcelona) |9 71097 | |
| 710 | 1 | |a Catalunya. |b Generalitat |b Servei d'Arts Plàstiques |9 12125 | |
| 901 | |a Arxiu | ||
| 942 | |n 1 |2 udc |c MON | ||
| 952 | |0 0 |1 0 |4 0 |6 FU178 |7 1 |9 44718 |a Arxiu |b Arxiu |d 2016-12-01 |l 0 |o FU-17-8 |p 1327 |r 2016-12-01 00:00:00 |w 2016-12-01 |y ARXIU | ||
| 999 | |c 47299 |d 47299 | ||